00451nam a2200193Ia 4500008004100000020001400041050001400055100001800069245001400087245003900101245001800140260001500158260001600173260000900189300001400198300002700212300001000239500000800249170918s9999 xx 000 0 und d a590463802 bH513 1989 aHenkes, Kevin aJessica : bcan your best friend be imaginary? cKevin Henkes. aNew York : bScholastic, c1989 aunpaged : bcolored illustration ; c23cm. a590